MARC details
| 000 -LEADER |
| fixed length control field |
00974 a2200313 4500 |
| 001 - CONTROL NUMBER |
| control field |
200045959 |
| 003 - CONTROL NUMBER IDENTIFIER |
| control field |
TR-AnTOB |
| 005 - DATE AND TIME OF LATEST TRANSACTION |
| control field |
20231128103052.0 |
| 008 - FIXED-LENGTH DATA ELEMENTS--GENERAL INFORMATION |
| fixed length control field |
131021r20062012tu 000 0 |
| 020 ## - INTERNATIONAL STANDARD BOOK NUMBER |
| International Standard Book Number |
9789759784478 |
| 040 ## - CATALOGING SOURCE |
| Original cataloging agency |
TR-AnTOB |
| Language of cataloging |
eng |
| Transcribing agency |
TR-AnTOB |
| Description conventions |
rda |
| 041 ## - LANGUAGE CODE |
| Language code of text/sound track or separate title |
Türkçe |
| 050 #4 - LIBRARY OF CONGRESS CALL NUMBER |
| Classification number |
PG1919.2.J39 |
| Item number |
R84 2012 |
| 090 ## - LOCALLY ASSIGNED LC-TYPE CALL NUMBER (OCLC); LOCAL CALL NUMBER (RLIN) |
| Classification number (OCLC) (R) ; Classification number, CALL (RLIN) (NR) |
PG1919.2.J39 R84 2012 |
| 100 1# - MAIN ENTRY--PERSONAL NAME |
| Personal name |
Jazbec, Milan |
| 9 (RLIN) |
85422 |
| 245 10 - TITLE STATEMENT |
| Title |
Ruhun ötesindeki gökkuşağı: diplomasiye dair bir roman / |
| Statement of responsibility, etc. |
Milan Jazbec. |
| 246 11 - VARYING FORM OF TITLE |
| Title proper/short title |
Mavrica izza duše. |
| 264 #1 - PRODUCTION, PUBLICATION, DISTRIBUTION, MANUFACTURE, AND COPYRIGHT NOTICE |
| Place of production, publication, distribution, manufacture |
Ankara: |
| Name of producer, publisher, distributor, manufacturer |
Yıldız Yayıncılık, |
| Date of production, publication, distribution, manufacture, or copyright notice |
2012 |
| 300 ## - PHYSICAL DESCRIPTION |
| Extent |
262 p.; |
| Dimensions |
21 cm |
| 500 ## - GENERAL NOTE |
| General note |
"Beyazlı kadın üçlemesi : Birinci kitap." |
| 650 #7 - SUBJECT ADDED ENTRY--TOPICAL TERM |
| Topical term or geographic name entry element |
Slovenya edebiyatı |
| Source of heading or term |
etuturkob |
| 9 (RLIN) |
85424 |
|
| Topical term or geographic name entry element |
Slovenian literature |
| 9 (RLIN) |
85425 |
|
| Topical term or geographic name entry element |
Sloven romanı |
| Source of heading or term |
etuturkob |
| 9 (RLIN) |
85767 |
|
| Topical term or geographic name entry element |
Diplomasi |
| Form subdivision |
Roman |
| 9 (RLIN) |
85428 |
|
| Topical term or geographic name entry element |
Diplomacy |
| Form subdivision |
Fiction |
| 9 (RLIN) |
85426 |
| 700 1# - ADDED ENTRY--PERSONAL NAME |
| Personal name |
Eriş, Çiçek |
| 9 (RLIN) |
85423 |
| 942 ## - ADDED ENTRY ELEMENTS (KOHA) |
| Koha item type |
Book |
| Source of classification or shelving scheme |
Library of Congress Classification |